Financial Accounting and Reporting
Guardado en:
| Autores principales: | , |
|---|---|
| Formato: | Libro |
| Lenguaje: | inglés |
| Publicado: |
Harlow :
Pearson Education Limited,
2013
|
| Edición: | 6th Ed. |
| Materias: | |
| Etiquetas: |
Sin Etiquetas, Sea el primero en etiquetar este registro!
|
MARC
| LEADER | 00000nam a22000003a 4500 | ||
|---|---|---|---|
| 001 | stu290409 | ||
| 005 | 20150617230302.4 | ||
| 008 | 140603s2013----uk------------------eng-d | ||
| 020 | |a 978-0-273-77817-2 | ||
| 040 | |a STU |b slo | ||
| 041 | 0 | |a eng | |
| 044 | |a uk | ||
| 100 | 1 | |a Elliott, Barry |4 aut | |
| 245 | 1 | |a Financial Accounting and Reporting | |
| 250 | |a 6th Ed. | ||
| 260 | |a Harlow : |b Pearson Education Limited, |c 2013 | ||
| 300 | |a 877 s | ||
| 650 | 7 | |a účtovníctvo |2 stusub | |
| 700 | 1 | |a Elliot, Jamie |4 aut | |
| 996 | |b 284M086091 |c M*13709-1 |l MMKN |s A |a 24 |w stu290409_0001 | ||